00282pab a2200121 454500008004000000100001300040245005500053260000900108300000800117362001000125650001300135773001200148180718b1997 xxu||||| |||| 00| 0 eng d aJagmohan aContemporary terrorism: India's diffident response c1997 ap.8 a6 Nov aViolence aTribune